| 000 | 003550000a22001450004500 | ||
|---|---|---|---|
| 003 | MACL | ||
| 040 | _aMACL | ||
| 090 |
_c1741 _d1741 |
||
| 100 | _aDeb, Bimal J. | ||
| 245 | _aEthnic Issues Secularism And Conflict Resolution In North East India | ||
| 260 |
_bConcept Publishing company _c2006 |
||
| 350 | _a500 | ||
| 650 | _aReligion | ||
| 942 |
_cBOOK _k211.6 |
||
| 999 |
_c1728 _d1728 |
||